Doom Eternal- Demons - Statistics

General Stats
  • This quiz has been taken 1,365 times
    389 since last reset
  • The average score is 17 of 43
Answer Stats
Answer % Correct
Fodder Imp
83%
Fodder Zombie
78%
Bosses Icon of Sin
72%
Heavy Cacodemon
70%
Heavy Hell Knight
65%
Heavy Mancubus
64%
Super Heavy Baron of Hell
61%
Super Heavy Doom Hunter
58%
Super Heavy Marauder
56%
Fodder Soldiers
55%
Heavy Pinky
54%
Bosses Gladiator
53%
Bosses Khan Maykr
52%
Super Heavy Tyrant
52%
Heavy Revenant
49%
Heavy Arachnotron
48%
Super Heavy Archvile
47%
Ambient Tentacle
47%
Heavy Pain Elemental
46%
Bosses The Dark Lord
43%
Heavy Cyber Mancubus
42%
Fodder Gargoyle
40%
Fodder Lost Soul
39%
Heavy Prowler
37%
Heavy Spectre
35%
Heavy Whiplash
34%
Heavy Dread Knight
32%
Fodder Maykr Drone
30%
Heavy Carcass
28%
Fodder Stone Imp
28%
Super Heavy Armoured Baron
25%
Ambient Cueball
25%
Bosses Samur Maykr
24%
Ambient Buff Totem
23%
Ambient Spirit
20%
Heavy Blood Maykr
19%
Heavy Cursed Prowler
17%
Ambient Turret
17%
Bosses The Trial of Maligog
16%
Fodder Riot Soldier
15%
Fodder Screecher Zombie
13%
Heavy Spectre Whiplash
9%
Ambient Demonic Trooper
7%
No matching quizzes found
Score Distribution
Percent of People with Each Score
Percentile by Number Answered
Your Score History
You have not taken this quiz since the last reset